Rozpoznaj miasto po zdjęciu 4 - Statystyki

Ogólne statystyki
  • Ten quiz został rozwiązany 14 razy
  • Średni wynik to 3 z 16
Statystyki odpowiedzi
Obrazkowy Odpowiedź % Poprawnych
Sydney
100%
Stambuł
54%
Bangkok
23%
Rovaniemi
23%
Kair
15%
Kiszyniów
15%
Mińsk
15%
Singapur
15%
Algier
8%
Dili
8%
Makarska
8%
Ostrawa
8%
Perth
8%
Police
8%
Sri Dżajawardanapura Kotte
8%
Tunis
8%
Nie znaleziono quizów pasujących do podanych kryteriów
Rozkład punktacji
Procent ludzi z każdym wynikiem
Percentyl według liczby udzielonych odpowiedzi
Twoja historia wyników
Nie rozwiązałeś tego quizu